| 000 | 00811nam a22002177a 4500 | ||
|---|---|---|---|
| 010 | _aENG-100769 | ||
| 020 |
_c1200.00 _a9788178541181 |
||
| 035 | _aEN-84302 | ||
| 037 | _bDBAD / PUB | ||
| 082 | _a499.15 | ||
| 245 |
_aStudia indologica : _cedited by Jagat Ram Bhattacharyya _bprofessor Satya Ranjan Banerjee felicitation volume / |
||
| 260 |
_aDelhi _bEastern Book Linkers _c2007 |
||
| 270 |
_a5825, New Chandrawal, Jawahar Nagar _bDelhi _e110007 |
||
| 300 |
_alvi, 477 p. _c24cm (Hb) |
||
| 500 | _aIncludes Index | ||
| 650 |
_aBuddhism _vDoctrines _914474 |
||
| 650 |
_aIndia Philosogy _914475 |
||
| 700 | _96162 | ||
| 942 |
_2ddc _cEN _mSTU _h499.15 |
||
| 999 |
_c42321 _d42321 |
||